Регионална библиотека "Любен Каравелов" - Русе

Смъртта отива на оглед (Запис номер 453858)

MARC детайли
000 -Лидер
Контролно поле с фиксирана дължина 01230nam a2200301 c 4500
003 - Код на организацията, давaща контролен номер
Контролно поле BLK
005 - Дата и час на последна редакция
Контролно поле 20250505135100.0
008 - Елементи от данни с фиксирана дължина
fixed length control field 180411b bul|||||r ||||||| ||bul||
010 ## - Наследен системен номер
LC control number KNG00184422000
020 ## - Международен стандартен номер на книга ISBN
Международен стандартен номер на книга ISBN 9789543896806
040 ## - Източник на каталожния запис
Идентификатор на билиотеката - собственик на записа BLK
041 ## - Код за език
Код за езика на текст/звукозапис или на отделно заглавие Български
Код за езика КДБФ Български
072 #7 - Код за тематичната категория
Код организация bullib
Код за тематична категория Н83
Текст Чужда художествена литература Н
080 ## - УДК
Текстов определител УДК Шведска литература
УДК код - определител по УДК 821.113.6
УДК определител -312.4
УДК - код + определител 821.113.6-312.4
100 ## - Редна дума - Автор
Автор Де ла Моте, Андерш
R(LIN) 340326
139 ## - Редно поле
Редна дума Де ла Моте, Андерш
Авторски знак Де - Д 30
245 10 - Сведения за заглавието
Заглавие Смъртта отива на оглед
Подзаглавни данни Роман
Редно поле (дума) Андерш Де ла Моте, Монс Нилсон; прев. от швед. Анелия Петрунова
257 ## - Страна на издаване
Страна на създаване/издаване Швеция
260 ## - Област на издателските данни
Име на издателя, разпространителя и проч. Ера
Година на издаване 2022
9 (RLIN) 209478
Място на издаване, разпространение и проч. София
300 ## - Физическа характеристика
Страници 312 с.
Размери/Мащаб 20 см
380 ## - Жанр
Жанр Худож. лит.
500 ## - Общи забележки
Забележка Ориг. загл. Doden gar pa visning/ Anders de la Motte, Mans Nilson
700 ## - Други автори (авторска отговорност)
Лично име Нилсон, Монс
Автороска отговорност (Описва отношението между автора и произведението) съавт.
9 (RLIN) 1445
700 1# - Други автори (авторска отговорност)
Лично име Петрунова, Анелия Георгиева, 1977-
9 (RLIN) 110375
852 ## - Местоположение
Форматна сигнатура 821-31/Д 30 А
Фондова буква Хранилище
999 ## - СИСТЕМНИ КОНТРОЛНИ НОМЕРА
Koha biblionumber 453858
Koha biblioitemnumber 453858
942 ## - АРТИКУЛИ
Вид на библиотечния материал Книги
Скрит в OPAC Не
Koha issues (borrowed), all copies 59
Периодичен библиозапис Да
944 ## - СЪЗДАВАНЕ И РЕДАКЦИЯ на ЗАПИСА
Създаване/Редакция Създаване
Дата на регистрацията/редакция 2022-04-20
Служител, извършил регистрацията/редакцията 30534
Статус, дата на статуса Радостина Карадакова
Наличности
Код за отписване Код за изгубен артикул Източник на класификационната схема Код за повреда Коз за рестрикции Код за отдаване Артикулен № Име на библиотеката - собственик Име на библиотеката, в която се намира в момента Статус (Текущо местоположение) Дата на вписване в системата Местоположение - отдел Цена в лева Систематично азбучна сигнатура Баркод Цена в евро Служебен тип на артикула
  Не е изгубен Universal Decimal Classification Не е повреден без рестрикции заемане за дома 882327 Регионална библиотека "Любен Каравелов" Русе Регионална библиотека "Любен Каравелов" Русе Заемна - подръчен фонд 2022-04-21 Заемна - подръчен фонд 17.99 821-31/Д 30 А 120000871308 9.20 Книги
  Не е изгубен Universal Decimal Classification Не е повреден без рестрикции заемане за дома 882328 Регионална библиотека "Любен Каравелов" Русе Регионална библиотека "Любен Каравелов" Русе Заемна - подръчен фонд 2022-04-21 Заемна - подръчен фонд 17.99 821-31/Д 30 А 120000871309 9.20 Книги
Vip Innovations Ltd, Rousse, Bulgaria 2025